00554nab a22001577a 4500003000400000005001700004008004100021040003700062082003700099100001900136245005300155260004800208650002800256650004300284773006900327OSt20250410071008.0250404t2010 ||||||p| |||| 00| 0 eng d cJMCFI - Learning Resource Center aPer. 370.71’051 M689 2010/2011 aYap, Lourdes E aFeeding program — a success /cLourdes E. Yap. a Manila : bThe Grade School, Inc., c2010. aSchool Feeding Program. aGovernment support to school children. g, volume 59, number 2 ( July 2010 ) page 63.tThe Modern Teacher